Datum a čas kvízu
34.5
Celkem bodů
Celkový počet nahraných bodů na tomto kvízu bez doplňovacích otázek.
1.
Pořadí na kvízu
Konečné umístění týmu na tomto kvízu.
Zaznamenané odpovědi
| # | Otázka | Odpověď | Body | Výsledky |
|---|---|---|---|---|
| 1. | Rada České televize minulý týd... | Sama doma | 1 | |
| 2. | Cukrárna Café Lieb v německém... | C) na tancích a s děly | 1 | |
| 3. | Po tříleté pauze se na obrazov... | Příběh služebnice | 0 | |
| 4. | V odborné anketě Světové auto... | Kia | 1 | |
| 5. | České hokejistky na domácím mi... | USA | 1 | |
| 6. | Tonga a Togo sice mají podobné... | D | 0 | |
| 7. | Dříve v Prusku, nyní v Rusku.... | Kaliningrad | 1 | |
| 8. | Mezi kterou dvojicí sídel v na... | B | 1 | |
| 9. | Kterými úředními jazyky se mlu... | angličtinou; španělštinou | 1 | |
| 10. | Ke kvízu patří i pivo, které s... | Turnov; Trutnov | 1 |